Responses for show #61 - Monday, December 3, 1984

Contestants

Nicholas Vallas, a waiter originally from Cambridge, Massachusetts

Daniel Elias, an advertising copywriter from New York City

Leslie Stucke, a family counselor from San Diego, California (whose 1-day cash winnings total $8,100)

[next game >>]

Jeopardy! Round responses

U.S. HISTORY
SPORTS
THE BIBLE
4-LETTER WORDS
TV TRIVIA
GLASS
    $100 2
(Nicholas: Who is Franklin Roosevelt?)

Theodore Roosevelt

DanNicholas
    $100 7
a pigskin

Dan
    $100 23
the Old

Dan
    $100 5
a bush

Dan
    $100 1
Walter Cronkite

Dan
    $100 13
(Dan: What is silicon or [*]?)
(Alex: [*]. All right, we'll give it to you on that one.)

sand

Dan
    $200 3
the donkey and the elephant

Dan
    $200 16
(Nicholas: What is 3?)
(Leslie: What is 2?)
(Dan: What is 1?)
(Alex: Guess what that leaves...)

4

LeslieDanNicholas
Triple Stumper
    $200 24
Methuselah

Dan
    $200 6
trot

Nicholas
    $200 10
The Gong Show

Dan
    $200 14
fiberglass

Dan
    $300 4
the League of Nations

Dan
    $300 17
(Dan: What is his shoulder?)
[ERRATUM: The top of the rule book strike zone "is a horizontal line at the midpoint between the top of the shoulders and the top of the uniform pants".]

his armpits

DanNicholas
    $300 26
[The end-of-round signal sounds.]

cast the first stone

Dan
    $500 8
(Dan: What is, uh, pucker up?)

blow

Dan
    $300 11
Lawrence Welk

Dan
    $300 15
a spyglass

Nicholas
    $400 22
Cuba

Dan
    $400 18
the Super Bowl

Nicholas
    $400 9
pâté

Dan
    $400 12
Mayberry R.F.D.

Dan
    $400 21
Tiffany

Dan
    $500 25
Alan Shepard

Dan
    $500 19
200

Leslie
    $500 20
(Dan: What is the saxophone?)

the ukulele

DanNicholas

Scores at the first commercial break (after clue 9):

Leslie Dan Nicholas
$0 $800 $100

Scores at the end of the Jeopardy! Round:

Leslie Dan Nicholas
$300 $2,900 $1,400

Double Jeopardy! Round responses

WORLD GEOGRAPHY
OPERA
INDIANS
BIRDS
ENGLAND
MEDICINE
    $200 4
(Dan: What is the Suez?)

the Panama Canal

DanNicholas
    $200 23
Othello

Nicholas
    $200 2
a teepee

Dan
    $200 14
the orioles

Nicholas
    $200 1
(Dan: What is tea? ... What is tea...)

tea time

DanNicholas
    $200 17
plaster

Dan
    $400 8
(Dan: What is, uh, Egypt?)
(Nicholas: What is Libya?)

Tunisia

LeslieDanNicholas
    $400 25
(Dan: Who is Verdi?)
[The end-of-round signal sounds.]

Wagner

DanNicholas
    $400 3
Asia

Dan
    $400 15
(Nicholas: What is fowl? [pause] [*].)
(Alex: [looks to judges] All right, we'll give it to you. [*].)

poultry

Nicholas
    $400 6
St. George

Dan
    $400 18
registered nurse

Nicholas
    $600 11
(Dan: What is Brazil?)
(Nicholas: What is Australia?)

(People's Republic of) China

DanNicholas
Triple Stumper
    $600 5
the Iroquois Confederation

Dan
    $600 20
the eagle

Nicholas
    $600 7
King John I

Dan
    $600 22
(Nicholas: What is placebo?)

a tumor

DanNicholas
    $800 12
(Nicholas: What is Poland?)

Belgium

LeslieNicholas
    $800 24
(Nicholas: What is, um, wear eyeglasses? Nose.)

pierce(d) nose

DanNicholas
    $800 21
360 degrees

Leslie
    $800 9
(Dan: What is Bond Street?)
(Nicholas: What is Fleet Street?)
(Alex: You're thinking of the newspaper area.)

the City

DanNicholas
Triple Stumper
    $1000 13
(Nicholas: What is Appomattox?)

Khartoum

LeslieNicholas
    $1000 19
Abraham Lincoln

Dan
    $1000 16
the (common) loon

Dan
    $1000 10
the Archbishop of Canterbury

Leslie

Scores at the end of the Double Jeopardy! Round:

Leslie Dan Nicholas
$4,300 $6,100 -$1,000

[wagering suggestions for these scores]

Final Jeopardy! Round responses

EUROPE
LeslieWhat is Prague
$4,300
DanWhat is Prague, Czech
$4,000
Prague

Final scores:

Leslie Dan Nicholas
$8,600 $10,100 -$1,000
2nd place: hair care appliances and an exercise bike New champion: $10,100 3rd place: his and hers jackets

Game dynamics:

Coryat scores:

Leslie Dan Nicholas
$4,300 $6,600 -$1,000
6 R,
1 W
28 R,
10 W
(including 1 DD)
13 R,
9 W

Combined Coryat: $9,900

The J! Archive is created by fans, for fans. The Jeopardy! game show and all elements thereof, including but not limited to copyright and trademark thereto, are the property of Jeopardy Productions, Inc. and are protected under law. This website is not affiliated with, sponsored by, or operated by Jeopardy Productions, Inc. Join the discussion at JBoard.tv.